000 00349nam a2200145Ia 4500
003 OSt
005 20240110164918.0
008 170524s9999 xx 000 0 und d
020 _a9788131754269
040 _ciimt university meerut
100 _aDESSELER- G
245 0 _aHUMAN RESOURCE MANAGEMENT
260 _bHIMALYA PUB. HOUSE
942 _2ddc
_c02
999 _c8038
_d8038